000
00344nam a2200145Ia 4500
008
150201s2010 xx 000 0 und d
082
_a
617.643
_b
D2010C
100
_a
MARTYN , COBOURNE
245
_a
HAND BOOK OF ORTHODONTICS
250
_a
1ST
260
_b
MOSBY
_a
DELHI
_c
2010
300
_a
1-427
650
_a
ORTHODONTICS
942
_2
ddc
_c
BK
999
_c
4716
_d
4716